000 00649nam a2200241Ia 4500
003 OSt
005 20220918214538.0
006 a|||||r|||| 00| 0
007 ta
008 220917b |||||||| |||| 00| 0 eng d
024 _a137,960
037 _cTextual
040 _aARTS
_cARTS
_beng
041 _2eng
_aeng
082 _aYz7, M0
100 _aFeigelman William ed
_9131697
245 0 _aSociology full circle
_b contemporar readings on society
250 _a3rd
260 _aN.Y
_bHolt Rinehart And Winston
_c1980
650 _aSOCIOLOGY
942 _hYz7, M0
_cTEXL
_2CC
999 _c261034
_d261034